Efficacy and tolerance of various chemotherapeutic drugs for the treatment of malignancies

Bibliographic Details
Main Author: Hejna, M. (Author)
Format: Article
Language:Slovak
English
PhysicalDescription:Tab.
ISSN:1210-0366
Subjects:

MARC

LEADER 00000nab a2200000 a 4500
001 vtls000748692
003 SK-MaSNL
005 20260304133228.0
008 250429c1999 xo 0 slo
015 |a SNBRB2001/02-02661 
035 |a CLN000100515 
035 |a urn:nbn:sk:snk-ab7ay5 
035 |a (uuid)7d908827-1e3b-4cd3-8e9e-81e5398709c2 
035 |a (urnnbn)urn:nbn:sk:snk:ar-a07ea3 
035 |a (sysno)vtls000748692 
040 |a SNKBUCL  |b slo  |c SNKBUCL  |e AACR2 
041 0 |a eng 
044 |a xo  |c SK 
080 |a 616-006.6-085  |2 1997 
080 |a 615.277  |2 1997 
080 |a 615.28  |2 1997 
100 1 |a Hejna, M.  |4 aut  |9 1450007 
245 1 0 |a Efficacy and tolerance of various chemotherapeutic drugs for the treatment of malignancies  |c M. Hejna 
300 |b Tab. 
504 |a Res. slov. 
504 |a Bibliogr. odkazy 
650 0 7 |a malígne nádory  |2 snkbucl  |9 70958 
650 0 7 |a chemoterapeutiká  |2 snkbucl  |9 19250 
650 0 7 |a etoposid  |2 snkbucl  |9 1404528 
655 7 |a články z novín a časopisov  |2 snkbucl  |9 267496 
773 0 |t Eurorehab  |g Roč. 9, č. 1 (1999), s. 5-18  |x 1210-0366 
850 |a Slovenská národná knižnica 
852 |a Slovenská národná knižnica 
954 |a odborná, vedecká literatúra cudzojazyčná (svetová)  |2 lita 
958 |a article27 
958 |a MI 
958 |a NB 
958 |a OND 
958 |a EUIPO 
992 |a RBX 
999 |c 2900539  |d 2902469